000 01006nad a22002535a 4500
008 250422s2021 stk f s000 0 eng d
041 0 _aeng
110 2 _aScottish Government
_kLaws, etc
_96043
245 0 4 _aTied Pubs (Scotland) Act 2021
_h[electronic resource]
260 _aEdinburgh
_bScottish Government
_c2021
490 0 _aScottish Act
_v2021
490 0 _aScottish Pubs Code Adjudicator
520 _aAn Act of the Scottish Parliament to establish a Scottish Pubs Code to govern the relationship between tenants and owners of tied pubs; to establish the office of Scottish Pubs Code Adjudicator; and for connected purposes.
521 _aAdvanced
650 2 4 _aTIED PUBS
650 2 4 _aTied Pubs (Scotland) Act 2021
650 2 4 _aPUBLIC HOUSES
650 2 4 _aLEISURE PROPERTY
650 2 4 _aCOMMERCIAL PROPERTY
651 4 _aScotland
690 _aLandlord and tenant
_96252
856 4 0 _uhttps://www.legislation.gov.uk/asp/2021/17/enacted/data.pdf
_zAct as enacted
942 _n0
_2ddc
999 _c122142
_d122142